Statistics for Countries With The Most Elderly Population

Click here to take the quiz!

General Stats

  • This quiz has been taken 40 times
  • The average score is 42 of 50

Answer Stats

%Country% Correct
22.8Italy
100%
28.2Japan
100%
19.1Spain
100%
19.7Sweden
100%
18.5United Kingdom
100%
22.1Portugal
97%
18.7Belgium
94%
21.9Finland
94%
18.9Netherlands
94%
17.2Norway
94%
17.8Poland
94%
15.1South Korea
94%
18.3Switzerland
94%
16.0United States
94%
18.8Austria
91%
15.0Belarus
91%
19.6Czech Republic
91%
19.6Denmark
91%
20.3France
91%
21.4Germany
91%
21.8Greece
91%
14.2Iceland
91%
14.6Russia
91%
16.4Slovakia
91%
18.9Ukraine
91%
20.4Croatia
89%
19.2Hungary
89%
20.3Latvia
89%
19.9Lithuania
89%
20.2Serbia
89%
19.4Slovenia
89%
21.3Bulgaria
86%
17.0Canada
86%
18.2Romania
86%
19.8Estonia
83%
14.1North Macedonia
83%
14.4Luxembourg
80%
14.4Andorra
77%
17.5Liechtenstein
77%
19.1Malta
77%
15.2Montenegro
77%
15.3New Zealand
77%
16.1Bosnia and Herzegovina
74%
18.0San Marino
71%
13.8Chile
57%
14.8Georgia
57%
14.2Uruguay
57%
14.5Cuba
51%
14.0Costa Rica
40%
15.6Barbados
17%

Score Distribution

Percentile by Number Answered

Percent of People with Each Score

Your Score History

You have not taken this quiz